000 00705nam a22001577a 4500
003 OSt
005 20201029145745.0
008 201029b 2000 dr 00| 0 eng d
040 _aDO-SdBNP
_bspa
_cBNPHU
100 1 _aGonzález Canahuate, Luís Almanzor
_977067
245 1 0 _aAlerta profética :
_bpara abogados y políticos de la necesidad de una ley de partidos políticos, del papel de la jurisprudencia en la etapa actual del derecho dominicano.
_cL. Almanzor González Canahuate.
260 _aSanto Domingo :
_bEditora Centenario,
_c2000.
300 _a40 p.
_c24 cm.
500 _aRecopilación Jurisprudencial Integrada. Notas introductivas al Tomo IV, Volumen X treinta (30) años
942 _2ddc
_cLBS1
999 _c48983
_d48983